| Поле | Инд. | ПП | Название | Значение |
|---|---|---|---|---|
| Тип записи | a | |||
| Библиографический уровень | b | |||
| 001 | Контрольный номер | RU/IS/BASE/508355238 | ||
| 005 | Дата корректировки | 20200630193136.8 | ||
| 008 | Кодируемые данные | 20160209 | ||
| 040 | b | Код языка каталог. | rus | |
| e | Правила каталог. | PSBO | ||
| 041 | 0_ | a | Код языка текста | rus |
| 084 | a | Индекс другой классификации/Индекс ББК | 74.04к95; 60.657.4; 60.561.9 | |
| 100 | 1_ | a | Автор | Брюханов М. В. |
| q | Полное имя | Брюханов Максим Витальевич | ||
| 100 | 1_ | a | Автор | Поляченко С. С. |
| q | Полное имя | Поляченко Сергей Сергеевич | ||
| 245 | 10 | a | Заглавие | Тенденции изменений и детерминанты когнитивных навыков и компетенций: предварительный статистический анализ данных PIAAC [Программы международной оценки компетенций взрослых] |
| 504 | a | Библиография | Лит. в конце статьи | |
| 520 | 0_ | a | Аннотация | Выделены 5 факторов, влияющих на когнитивные навыки: возраст, пол индивида, образование, жизненный и профессиональный опыт. Выясняется каково воздействие этих факторов на когнитивные навыки и компетенции, измеренные тестами Программы международной оценки компетенций взрослых (PIAAC)... |
| 650 | 14 | a | Основная рубрика | образование |
| a | Основная рубрика | социология | ||
| a | Основная рубрика | социология образования | ||
| a | Основная рубрика | статистика | ||
| 653 | 1_ | a | Ключевые слова | грамотность чтения |
| a | Ключевые слова | двухшаговый метод наименьших квадратов | ||
| a | Ключевые слова | когнитивные компетенции | ||
| a | Ключевые слова | когнитивные навыки | ||
| a | Ключевые слова | компетенции | ||
| a | Ключевые слова | математическая грамотность | ||
| a | Ключевые слова | метод главных компонент | ||
| a | Ключевые слова | метод наименьших квадратов | ||
| a | Ключевые слова | Программа международной оценки компетенций взрослых (PIAAC) | ||
| a | Ключевые слова | решение задач | ||
| a | Ключевые слова | статистика образования | ||
| a | Ключевые слова | статистические модели | ||
| a | Ключевые слова | статистический анализ | ||
| a | Ключевые слова | тестирование | ||
| a | Ключевые слова | технологически насыщенная среда | ||
| a | Ключевые слова | трехшаговый метод наименьших квадратов | ||
| a | Ключевые слова | факторный анализ | ||
| a | Ключевые слова | экономика образования | ||
| 773 | 08 | t | Заглавие источника | Вопросы образования |
| d | Дата издания источника | 2015 | ||
| g | Прочая информация | № 1. - С. 214 - 233 : диагр., схем., табл. | ||
| w | Контрольный № источника | RU/IS/BASE/482515005 | ||
| 901 | t | Тип документа | b |